000 00590nam a2200193Ia 4500
003 GCL
005 20240530104418.0
008 140319s9999 xx 000 0 ara d
040 _aGCL /
_cGCL
082 0 4 _a811.009
_bع ش
100 1 _aعبدالعزيز شرف
245 1 0 _aشاعرية الهمشرى فى ميزان النقد الادبى /
_cعبدالعزيز شرف
260 _a[S.N] :
_bدار الجيل ،
_c1992
300 _a197 ص
650 0 4 _aالشعر العربى
650 0 4 _aالادب العربى
650 0 4 _aالنقد الادبى
942 _2ddc
_cBK
999 _c47408
_d47408